阪神高速道路のIC - Statistics

General Stats
  • This quiz has been taken 189 times
  • The average score is 79 of 190
Answer Stats
1 環状線 % Correct
IC 西宮
87%
IC/PA 京橋
84%
IC
81%
PA 尼崎
80%
IC 梅田
80%
JCT 松原
79%
IC 芦屋
77%
IC なんば
73%
IC 池田
70%
IC/JCT 守口
70%
IC/JCT | JCT 阿波座
66%
IC 天王寺
66%
IC/JCT | JCT/IC 天保山
64%
IC/PA 森小路
63%
IC | JCT 中之島
61%
IC 福島
60%
IC 魚崎
59%
JCT | JCT/IC 南港
59%
JCT 東大阪
59%
IC/PA 弁天町
59%
IC 摩耶
58%
IC 生田川
57%
IC 大阪空港
57%
IC 本町
56%
IC 阿倍野
56%
IC/PA 泉大津
55%
IC | JCT | JCT/IC/PA 湊町
54%
JCT 東船場
54%
JCT りんくう
54%
IC 長田
54%
IC 喜連瓜破
54%
IC 九条
54%
JCT 西船場
53%
IC 深江
53%
IC 住之江
53%
IC ユニバーサルシティ
52%
JCT 垂水
52%
IC 塚本
50%
IC 豊中南
50%
JCT えびす
49%
IC/JCT | JCT 海老江
49%
PA/IC 高石
49%
IC 甲子園浜
49%
IC 水走
49%
PA 朝潮橋
49%
IC 貝塚
48%
IC 西宮浜
48%
JCT 西宮山口
48%
IC 平野
48%
IC 月見山
47%
IC 豊中北
47%
IC/JCT | JCT 湊川
46%
IC/JCT | JCT/IC 三宝
46%
IC 岸和田北
46%
IC 岸和田南
46%
IC 鉄砲
46%
IC/JCT | JCT 三宅
46%
IC 北浜
45%
JCT 北港
45%
IC 南港北
44%
IC 森之宮
44%
IC 武庫川
43%
IC 南港南
43%
IC 鳴尾浜
43%
IC 住吉浜
43%
JCT 名谷
43%
IC 南森町
43%
IC 文の里
43%
IC 堂島
42%
IC 扇町
42%
IC 都島
41%
IC/JCT | JCT/IC 高津
40%
IC/PA 中島
40%
IC 魚崎浜
40%
IC 加島
40%
IC 駒川
40%
IC 津守
40%
IC 四ツ橋
39%
IC 道頓堀
39%
IC 夕陽丘
39%
JCT/IC 助松
39%
IC 泉佐野北
39%
IC 泉佐野南
39%
IC 六甲アイランド北
39%
IC 法円坂
39%
IC 土佐堀
38%
IC/JCT | JCT/IC 箕谷
38%
IC 尼崎東
37%
IC 深江浜
37%
IC しあわせの村
37%
JCT | JCT/IC 有馬口
37%
IC 玉出
37%
IC 浜寺
36%
IC 尼崎末広
36%
JCT 天神橋
34%
IC 高麗橋
34%
IC 長堀
34%
IC 姫島
34%
IC 尼崎西
34%
IC 大浜
34%
IC 石津
34%
IC 池田木部
34%
IC 高井田
34%
IC 芦原
34%
IC 波除
34%
IC 新神戸駅
34%
IC 安治川
33%
IC 三宅西
32%
JCT 布施畑
32%
IC 中野
32%
IC 信濃橋
31%
IC 大和田
31%
JCT 蛍池
31%
IC 島屋
30%
IC 西長堀
30%
IC 柳原
30%
IC 若宮
30%
JCT | JCT/PA 白川
30%
IC 長柄
30%
IC 天美
29%
JCT/IC 伊川谷
29%
IC 出入橋
29%
JCT 南開
29%
IC えびす町
28%
IC 南港中
28%
IC 東大阪荒本
28%
IC 大堀
28%
IC 川西小花
27%
IC 汐見橋
27%
PA/IC 南芦屋浜
26%
IC 大正東
26%
IC 大正西
26%
IC 大開
25%
IC 中之島西
25%
IC 湾岸舞洲
25%
IC 尼崎東海岸
25%
IC からと西
25%
IC からと東
25%
IC/JCT | JCT 城北
25%
IC 本田
25%
IC 常磐
23%
IC 国道2号
23%
IC 神戸長田
22%
IC 西宮山口南
21%
IC 西宮山口東
21%
IC 出島
20%
IC 布施畑西
20%
IC 布施畑東
20%
IC 藍那
20%
IC 神田
20%
IC 北津守
20%
IC 妙法寺
20%
IC 淀川左岸舞洲
19%
IC 二宮
19%
IC 五社
17%
JCT/IC 永井谷
16%
IC 白川南
16%
IC/PA 前開
15%
JCT 布引
14%
IC 正連寺川
12%
JCT 柳谷
12%
IC 神若
11%
No matching quizzes found
Score Distribution
Percent of People with Each Score
Percentile by Number Answered
Your Score History
You have not taken this quiz